Football Leagues by Nation - Statistics

General Stats
  • This quiz has been taken 354 times
  • The average score is 8 of 19
Answer Stats
Hint Answer % Correct
England Barclays Premier League
93%
Spain La Liga
93%
Germany Bundesliga
87%
Italy Serie A
83%
France Ligue 1
81%
USA MLS
75%
Holland Eredivisie
54%
Scotland Scottish Premier League
38%
Australia Hyundai A-League
35%
Belgium Belgian Pro League
32%
Argentina Primera A
22%
Denmark Superliga
19%
Russia Russian Premier League
17%
Portugal Primeira Liga
15%
Switzerland Super League
15%
Sweden Allsvenskan
14%
Norway Tippeligaen
9%
Finland Veikkausliiga
6%
Ireland (Northern) Irish Premiership
5%
No matching quizzes found
Score Distribution
Percent of People with Each Score
Percentile by Number Answered
Your Score History
You have not taken this quiz